[Event "Haustmot TR-A"]
[Site "Reykjavik"]
[Date "2016.09.21"]
[Round "2"]
[White "Olafsson, Thorvadur F"]
[Black "Viglundsson, Bjorgvin"]
[Result "1-0"]
[WhiteElo "2184"]
[BlackElo "2185"]
[PlyCount "41"]
[EventDate "2016.09.18"]
[EventType "tourn"]
[EventRounds "9"]
[EventCountry "ISL"]

1. e4 e5 2. Nf3 Nc6 3. d4 exd4 4. Nxd4 Bc5 5. Be3 Qf6 6. Nb5 Bxe3 7. fxe3 Qh4+
8. g3 Qxe4 9. Nxc7+ Kd8 10. Nxa8 Qxh1 11. Qd6 Nf6 12. Nd2 Qd5 13. Qc7+ Ke7 14.
O-O-O Qxa2 15. Nb3 Re8 16. Qd6+ Kd8 17. Qc7+ Ke7 18. Qd6+ Kd8 19. Bb5 Ne4 20.
Qc7+ Ke7 21. Rd5 1-0

[Event "Haustmot TR-A"]
[Site "Reykjavik"]
[Date "2016.09.21"]
[Round "2"]
[White "Hardarsson, Jon Trausti"]
[Black "Sigurdsson, Birkir Karl"]
[Result "1-0"]
[WhiteElo "2100"]
[BlackElo "1900"]
[PlyCount "73"]
[EventDate "2016.09.18"]
[EventType "tourn"]
[EventRounds "9"]
[EventCountry "ISL"]

1. e4 e5 2. Nf3 Nc6 3. Nc3 d6 4. Bb5 a6 5. Bxc6+ bxc6 6. d4 exd4 7. Nxd4 Bb7 8.
O-O Nf6 9. Nf5 g6 10. Bg5 h6 11. Bh4 gxf5 12. e5 Be7 13. exf6 Bxf6 14. Re1+ Kf8
15. Bxf6 Qxf6 16. Qf3 Kg7 17. Ne2 Rae8 18. Ng3 Qg6 19. Nxf5+ Kh7 20. Ne7 c5 21.
Qxb7 Qxc2 22. Qe4+ Qxe4 23. Rxe4 Rb8 24. b3 Rb4 25. Rxb4 cxb4 26. Nd5 c5 27.
Nf6+ Kg6 28. Ne4 Rd8 29. Rd1 Kf5 30. Rxd6 Rxd6 31. Nxd6+ Ke5 32. Nc4+ Kd4 33.
g4 Kc3 34. Kf1 Kc2 35. Ke2 Kb1 36. Kd2 Kxa2 37. Kc2 1-0

[Event "Haustmot TR-A"]
[Site "Reykjavik"]
[Date "2016.09.21"]
[Round "2"]
[White "Johannesson, Oliver Aron"]
[Black "Ragnarsson, Dagur"]
[Result "1/2-1/2"]
[WhiteElo "2255"]
[BlackElo "2272"]
[PlyCount "79"]
[EventDate "2016.09.18"]
[EventType "tourn"]
[EventRounds "9"]
[EventCountry "ISL"]

1. d4 d5 2. c4 e6 3. Nc3 c6 4. Nf3 dxc4 5. Bg5 Qc7 6. g3 b5 7. a4 Bb4 8. Bg2
Bb7 9. O-O a6 10. Ne4 f6 11. Bd2 Bxd2 12. Qxd2 Nd7 13. Qb4 Nb6 14. Qd6 Qe7 15.
axb5 cxb5 16. Qxb6 Bxe4 17. Rxa6 Rxa6 18. Qxa6 Qd7 19. Ne5 fxe5 20. Bxe4 Kf7
21. dxe5 Ne7 22. Qb6 Rd8 23. Bf3 Nd5 24. Qd4 Ne7 25. Qb6 Nd5 26. Qc5 Qc7 27.
Qxb5 Rb8 28. Qa6 Rxb2 29. Bxd5 exd5 30. e6+ Kf6 31. e7+ Kf7 32. Qa8 Qxe7 33.
Qxd5+ Qe6 34. Qf3+ Qf6 35. Qh5+ Qg6 36. Qe5 Qc2 37. Qc7+ Kf6 38. Qd8+ Kf7 39.
Qd7+ Kf6 40. Qd6+ 1/2-1/2

[Event "Haustmot TR-A"]
[Site "Reykjavik"]
[Date "2016.09.21"]
[Round "2"]
[White "Johannesson, Ingvar Thor"]
[Black "Stefansson, Vignir Vatnar"]
[Result "1-0"]
[WhiteElo "2367"]
[BlackElo "2129"]
[PlyCount "105"]
[EventDate "2016.09.18"]
[EventType "tourn"]
[EventRounds "9"]
[EventCountry "ISL"]

1. c4 e5 2. g3 Nc6 3. Bg2 f5 4. Nc3 Nf6 5. e3 d5 6. Nxd5 Nxd5 7. cxd5 Nb4 8. d3
Nxd5 9. Nf3 Bd6 10. O-O c6 11. e4 Nf6 12. exf5 Bxf5 13. Re1 O-O 14. Nxe5 Bxe5
15. Rxe5 Qxd3 16. Qxd3 Bxd3 17. h3 Rae8 18. Rxe8 Rxe8 19. Be3 a6 20. Rd1 Bc4
21. b3 Bd5 22. Bf1 Bf3 23. Rc1 Nd5 24. Bc5 g5 25. Bd3 Be4 26. Re1 Nf6 27. Bc4+
Bd5 28. Rxe8+ Nxe8 29. Bd3 Nc7 30. Be7 Ne6 31. Bd6 b5 32. Bf5 Nd4 33. Bd3 Ne6
34. Kf1 c5 35. Be5 h6 36. Ke2 Kf7 37. Ke3 Ng7 38. f3 Ne6 39. Be4 Bxe4 40. Kxe4
a5 41. Kd5 a4 42. bxa4 bxa4 43. a3 h5 44. g4 h4 45. Kc4 Ke7 46. Kb5 Kd7 47.
Kxa4 Kc6 48. Bf6 Kb6 49. Kb3 Kb5 50. a4+ Ka5 51. Bc3+ Kb6 52. Bf6 Ka5 53. Be5
1-0

[Event "Haustmot TR-A"]
[Site "Reykjavik"]
[Date "2016.09.21"]
[Round "2"]
[White "Jonsson, Gauti P"]
[Black "Loftsson, Hrafn"]
[Result "1/2-1/2"]
[WhiteElo "2082"]
[BlackElo "2192"]
[PlyCount "61"]
[EventDate "2016.09.18"]
[EventType "tourn"]
[EventRounds "9"]
[EventCountry "ISL"]

1. e4 c5 2. Nf3 e6 3. d4 cxd4 4. Nxd4 Nc6 5. Nc3 Qc7 6. Be3 a6 7. Bd3 Nf6 8.
O-O Nxd4 9. Bxd4 Bc5 10. Be2 d6 11. f4 e5 12. Bxc5 Qxc5+ 13. Kh1 exf4 14. Rxf4
Be6 15. Qd2 O-O 16. Rd1 Rad8 17. h3 Qe5 18. Bd3 Rfe8 19. Qf2 Nd7 20. Rf1 Qc5
21. Qg3 Ne5 22. Nd5 Bxd5 23. exd5 Rf8 24. Qh4 Nxd3 25. cxd3 Rde8 26. Qh5 g6 27.
Qh6 Qe3 28. R1f3 Qe1+ 29. Rf1 Qe3 30. R1f3 Qe1+ 31. Rf1 1/2-1/2

[Event "Haustmot TR-B"]
[Site "Reykjavik"]
[Date "2016.09.21"]
[Round "2"]
[White "Kristinsson, Magnus"]
[Black "Magnusdottir, Veronika S"]
[Result "1/2-1/2"]
[WhiteElo "1833"]
[BlackElo "1777"]
[PlyCount "47"]
[EventDate "2016.09.18"]
[EventType "tourn"]
[EventRounds "9"]
[EventCountry "ISL"]

1. e4 c5 2. Nf3 e6 3. d4 cxd4 4. Nxd4 a6 5. Bc4 Nf6 6. Qe2 d5 7. exd5 Nxd5 8.
O-O b5 9. Bb3 Bc5 10. Rd1 O-O 11. Bxd5 exd5 12. Be3 Bb7 13. Qh5 Nd7 14. Bg5 Qb6
15. c3 Rae8 16. Qh4 Re4 17. Qh3 Bxd4 18. cxd4 Rxd4 19. Rxd4 Qxd4 20. Nc3 Nf6
21. Rd1 Qe5 22. Bxf6 Qxf6 23. Qg4 Rd8 24. Qd4 1/2-1/2

[Event "Haustmot TR-B"]
[Site "Reykjavik"]
[Date "2016.09.21"]
[Round "2"]
[White "Mai, Alexander O"]
[Black "Hauksson, Hordur Aron"]
[Result "1-0"]
[WhiteElo "1656"]
[BlackElo "1867"]
[PlyCount "77"]
[EventDate "2016.09.18"]
[EventType "tourn"]
[EventRounds "9"]
[EventCountry "ISL"]

1. e4 c5 2. Nf3 e6 3. d4 cxd4 4. Nxd4 a6 5. Bd3 Qc7 6. O-O Nc6 7. c3 Nf6 8. Nd2
Bd6 9. N2f3 O-O 10. h3 b5 11. Qe2 Bb7 12. Re1 Ne5 13. Bg5 Nxd3 14. Qxd3 Be7 15.
e5 Nd5 16. Bxe7 Nxe7 17. Ng5 Ng6 18. h4 Rfd8 19. h5 Nf8 20. f4 d6 21. Qg3 h6
22. Ne4 Bxe4 23. Rxe4 dxe5 24. fxe5 Rd5 25. Qf3 Rc8 26. Rf1 Nh7 27. Qf4 Ng5 28.
Re3 Qe7 29. Nf3 Nxf3+ 30. Rexf3 Rc7 31. Rg3 Qc5+ 32. Re3 Rd3 33. Rff3 Rcd7 34.
Kh2 Rxe3 35. Rxe3 Qd5 36. Rg3 Qd1 37. Qxh6 Kf8 38. Qxg7+ Ke8 39. Qh8+ 1-0

[Event "Haustmot TR-B"]
[Site "Reykjavik"]
[Date "2016.09.21"]
[Round "2"]
[White "Luu, Robert"]
[Black "Fridthjofsdottir, Sigurlaug"]
[Result "1/2-1/2"]
[WhiteElo "1672"]
[BlackElo "1802"]
[PlyCount "145"]
[EventDate "2016.09.18"]
[EventType "tourn"]
[EventRounds "9"]
[EventCountry "ISL"]

1. d4 d5 2. c4 c6 3. cxd5 cxd5 4. Nc3 Bf5 5. Bf4 Nf6 6. e3 e6 7. Rc1 Nc6 8. Nf3
Be7 9. Qb3 O-O 10. Qxb7 Rc8 11. Ba6 Nb4 12. Qxc8 Qxc8 13. Bxc8 Nd3+ 14. Kd2
Rxc8 15. Ne5 Nxc1 16. Rxc1 Bb4 17. f3 h6 18. Nd3 Bxd3 19. Kxd3 g5 20. Bg3 Nh5
21. Bf2 f5 22. Ne2 Rxc1 23. Nxc1 Bd6 24. h3 Nf6 25. Be1 Kf7 26. b4 g4 27. a4
gxf3 28. gxf3 Nd7 29. a5 e5 30. Nb3 e4+ 31. Ke2 exf3+ 32. Kxf3 Ke6 33. b5 h5
34. Bh4 Bc7 35. Bg3 Bd8 36. Be1 Be7 37. Bg3 Bd8 38. Be1 Be7 39. Bc3 Bd6 40. Nd2
Nf6 41. Nb3 Ne4 42. Be1 Ng5+ 43. Kg2 Ne4 44. b6 axb6 45. axb6 Kd7 46. Na5 f4
47. exf4 Bxf4 48. Kf3 Bb8 49. Ke3 Ng5 50. h4 Ne4 51. Kf3 Bd6 52. Nb3 Kc6 53.
Nd2 Bb4 54. Nxe4 dxe4+ 55. Kxe4 Bxe1 56. Kf3 Bxh4 57. d5+ Kxb6 58. Kg2 Kc5 59.
Kh3 Be1 60. Kg2 Kxd5 61. Kh3 Ke4 62. Kg2 Kf4 63. Kg1 Kg3 64. Kh1 h4 65. Kg1
Bf2+ 66. Kh1 Kf3 67. Kh2 Ke2 68. Kg2 Ke1 69. Kh2 Bg3+ 70. Kg1 Ke2 71. Kg2 Ke3
72. Kg1 h3 73. Kh1 1/2-1/2

[Event "Haustmot TR-B"]
[Site "Reykjavik"]
[Date "2016.09.21"]
[Round "2"]
[White "Briem, Stephan"]
[Black "Mai, Aron Thor"]
[Result "0-1"]
[WhiteElo "1569"]
[BlackElo "1845"]
[PlyCount "100"]
[EventDate "2016.09.18"]
[EventType "tourn"]
[EventRounds "9"]
[EventCountry "ISL"]

1. b3 e5 2. Bb2 Nc6 3. e3 d5 4. Bb5 Bd6 5. Nf3 f6 6. d4 e4 7. Nfd2 a6 8. Be2
Nce7 9. c4 c6 10. O-O f5 11. Nc3 Nf6 12. Rc1 O-O 13. cxd5 cxd5 14. f4 Ng4 15.
Bxg4 fxg4 16. Re1 b5 17. Nf1 h5 18. Qe2 Be6 19. a4 b4 20. Nd1 a5 21. Nf2 Bc8
22. Rc2 Ba6 23. Qd2 Qe8 24. h3 Qg6 25. hxg4 hxg4 26. g3 Nf5 27. Kg2 Bc8 28. Nh2
Nh4+ 29. gxh4 g3 30. Nh3 gxh2+ 31. Kxh2 Bxh3 32. Kxh3 Qf5+ 33. Kh2 Qh5 34. Qf2
Be7 35. Kh3 Qf5+ 36. Kh2 Rf6 37. Qg3 Rh6 38. Rg2 Qf7 39. Kg1 Bxh4 40. Qh2 Bf2+
41. Kxf2 Rxh2 42. Rxh2 Rc8 43. Re2 Rc6 44. Ke1 Qb7 45. Rd2 Rg6 46. Rdg2 Qa6 47.
Rxg6 Qxg6 48. Kf2 Qa6 49. Bc1 Qd3 50. Kg3 Qxb3 0-1

[Event "Haustmot TR-B"]
[Site "Reykjavik"]
[Date "2016.09.21"]
[Round "2"]
[White "Kristjansson, Halldor"]
[Black "Lemery, Jon Thor"]
[Result "0-1"]
[WhiteElo "1649"]
[BlackElo "1591"]
[PlyCount "58"]
[EventDate "2016.09.18"]
[EventType "tourn"]
[EventRounds "9"]
[EventCountry "ISL"]

1. e4 d5 2. exd5 Nf6 3. d4 Nxd5 4. c4 Nb6 5. Nc3 Nc6 6. Nf3 Bg4 7. Be3 e6 8. b3
Bb4 9. Rc1 Ba3 10. Rc2 Bf5 11. Rd2 Bb4 12. Qc1 O-O 13. a3 Be7 14. Be2 Bf6 15.
O-O Qe7 16. Rfd1 Rad8 17. d5 Ne5 18. Nd4 Bg6 19. dxe6 fxe6 20. f4 Ned7 21. Bf3
Nc5 22. Qb2 e5 23. fxe5 Qxe5 24. Bd5+ Nxd5 25. Nxd5 Rxd5 26. cxd5 Qxe3+ 27. Kh1
Re8 28. Re2 Bxd4 29. Rxd4 Qxe2 0-1

[Event "Haustmot TR-Open"]
[Site "Reykjavik"]
[Date "2016.09.21"]
[Round "2"]
[White "Ulfsson, Olafur Evert"]
[Black "Bjarnason, Arnaldur"]
[Result "1-0"]
[WhiteElo "1464"]
[BlackElo "1647"]
[PlyCount "66"]
[EventDate "2016.09.18"]
[EventType "swiss"]
[EventRounds "9"]
[EventCountry "ISL"]

1. e4 c5 2. Nf3 d6 3. d4 cxd4 4. Nxd4 Nf6 5. Nc3 g6 6. f4 e5 7. Ndb5 a6 8. fxe5
axb5 9. exf6 Qxf6 10. Bxb5+ Nc6 11. Be3 Be7 12. Bd4 Qf4 13. g3 Bg4 14. gxf4
Bh4+ 15. Kd2 Bxd1 16. Bxh8 Bg4 17. Bd4 O-O-O 18. Bb6 Re8 19. Be2 Bh3 20. Rhg1
Nb4 21. Bg4+ Bxg4 22. Rxg4 Bf6 23. Nd5 Nxd5 24. exd5 Bxb2 25. Rd1 Re4 26. c3 h5
27. Rh4 Rc4 28. Rb1 Ba3 29. Rb3 Bc5 30. Bxc5 Rxc5 31. c4 Rxc4 32. Rc3 Rc5 33.
Rxc5+ dxc5 1-0

[Event "Haustmot TR-Open"]
[Site "Reykjavik"]
[Date "2016.09.21"]
[Round "2"]
[White "Davidsson, Stefan Orri"]
[Black "Vignisson, Ingvar Egill"]
[Result "0-1"]
[WhiteElo "1386"]
[BlackElo "1554"]
[PlyCount "54"]
[EventDate "2016.09.18"]
[EventType "swiss"]
[EventRounds "9"]
[EventCountry "ISL"]

1. e4 c5 2. c3 d5 3. exd5 Qxd5 4. d4 Nf6 5. Nf3 e6 6. Na3 Nc6 7. Be3 cxd4 8.
Nb5 Qd8 9. Nbxd4 Nd5 10. Nxc6 bxc6 11. Bc4 Bd6 12. Bd4 O-O 13. O-O Qc7 14. Re1
f6 15. h3 e5 16. Be3 Be6 17. Qc2 Kh8 18. Bd3 Nxe3 19. Rxe3 Bc5 20. Re2 g6 21.
b3 Rad8 22. Rd1 Bd5 23. Nh2 f5 24. Red2 e4 25. Bc4 e3 26. Re2 exf2+ 27. Kf1
Qxh2 0-1

[Event "Haustmot TR-Open"]
[Site "Reykjavik"]
[Date "2016.09.21"]
[Round "2"]
[White "Jonasson, Hordur"]
[Black "Heidarsson, Arnar"]
[Result "1-0"]
[WhiteElo "1532"]
[BlackElo "1340"]
[PlyCount "107"]
[EventDate "2016.09.18"]
[EventType "swiss"]
[EventRounds "9"]
[EventCountry "ISL"]

1. e4 e5 2. Nf3 Nc6 3. Bb5 a6 4. Ba4 b5 5. Bb3 Be7 6. c3 Nf6 7. d3 O-O 8. O-O
d6 9. h3 h6 10. Re1 Na5 11. Bc2 Be6 12. d4 exd4 13. cxd4 d5 14. e5 Nd7 15. Qd3
f5 16. exf6 Rxf6 17. Qh7+ Kf7 18. Ne5+ Nxe5 19. dxe5 Rxf2 20. Kxf2 Bc5+ 21. Be3
Qh4+ 22. g3 Bxe3+ 23. Rxe3 Qxh3 24. Qg6+ Ke7 25. Qxg7+ Kd8 26. Kg1 Nc4 27. Rf3
Kc8 28. b3 Bg4 29. Bf5+ Bxf5 30. Qf8+ Kb7 31. Qxf5 Qxf5 32. Rxf5 Ne3 33. Rf6
Nc2 34. Nc3 Nxa1 35. Nxd5 Rd8 36. Nf4 Nc2 37. Rxh6 Ne3 38. Rg6 Re8 39. e6 Nf5
40. g4 Nd4 41. g5 Kc6 42. e7+ Kd7 43. Nd5 c6 44. Nf6+ Kxe7 45. Nxe8 Kxe8 46.
Kf2 a5 47. Ke3 c5 48. Ra6 Nc2+ 49. Kd2 Nd4 50. g6 a4 51. bxa4 bxa4 52. Rxa4 Ne6
53. Re4 Kd7 54. Rxe6 1-0

[Event "Haustmot TR-Open"]
[Site "Reykjavik"]
[Date "2016.09.21"]
[Round "2"]
[White "Kristbergsson, Bjorgvin"]
[Black "Thrastarson, Tryggvi K"]
[Result "0-1"]
[WhiteElo "1081"]
[BlackElo "1450"]
[PlyCount "134"]
[EventDate "2016.09.18"]
[EventType "swiss"]
[EventRounds "9"]
[EventCountry "ISL"]

1. c4 e5 2. e3 Nf6 3. Nc3 c6 4. e4 d5 5. cxd5 cxd5 6. Nxd5 Nxd5 7. exd5 Qxd5 8.
Qe2 Be7 9. h4 h6 10. a3 Nc6 11. Qc4 Qxc4 12. Bxc4 Nd4 13. Bd3 Be6 14. Nf3 Nb3
15. Rb1 Bd6 16. Bb5+ Ke7 17. Bd3 Rhd8 18. O-O Rac8 19. Be4 b6 20. d4 Nxd4 21.
Nxd4 exd4 22. b4 Kf8 23. f4 f5 24. Bb7 Rc7 25. Ba6 Bc8 26. Bxc8 Rdxc8 27. Bb2
Be7 28. Bxd4 Bxh4 29. Be5 Rd7 30. Rb3 Rcd8 31. Rh3 Be7 32. Rh5 Kg8 33. Rxf5 g6
34. Bc7 Rxc7 35. Re5 Rf8 36. g3 Bf6 37. Re6 Re7 38. Rd6 Kg7 39. Rfd1 Rfe8 40.
a4 Re1+ 41. Rxe1 Rxe1+ 42. Kf2 Re7 43. b5 Kf7 44. Rc6 Rd7 45. Ke1 Bd4 46. Ke2
Re7+ 47. Kd3 Bf2 48. g4 Kg7 49. f5 gxf5 50. gxf5 Rf7 51. Rg6+ Kh7 52. Ke4 Bc5
53. Rc6 Bf8 54. Rc1 h5 55. Rh1 Kh6 56. Rc1 Bg7 57. Rc6+ Bf6 58. Kf4 h4 59. Rc2
Kh5 60. Rc8 Bg5+ 61. Ke4 Kg4 62. Rc2 h3 63. Rf2 Kg3 64. Rf3+ Kg2 65. Ra3 h2 66.
Ra2+ Kg3 67. Ra3+ Kg4 0-1

[Event "Haustmot TR-Open"]
[Site "Reykjavik"]
[Date "2016.09.21"]
[Round "2"]
[White "Briem, Benedikt"]
[Black "Alexandersson, Orn"]
[Result "1-0"]
[WhiteElo "1093"]
[BlackElo "1217"]
[PlyCount "99"]
[EventDate "2016.09.18"]
[EventType "swiss"]
[EventRounds "9"]
[EventCountry "ISL"]

1. d4 d5 2. Bf4 Nf6 3. Nf3 c5 4. e3 Bg4 5. Nbd2 Nc6 6. c3 e6 7. Bd3 Bd6 8. Bxd6
Qxd6 9. h3 Bh5 10. O-O O-O 11. Re1 e5 12. dxe5 Nxe5 13. Be2 Rfe8 14. Nxe5 Qxe5
15. Bxh5 Qxh5 16. Qxh5 Nxh5 17. Nf3 Nf6 18. Rad1 Rad8 19. Rc1 b5 20. b3 c4 21.
b4 Ne4 22. Red1 Re6 23. Nd4 Rb6 24. f3 Ng5 25. h4 Ne6 26. Kf2 Nxd4 27. exd4 Re6
28. Re1 Rde8 29. Rxe6 Rxe6 30. Re1 a6 31. Re5 Rxe5 32. dxe5 Kf8 33. Ke3 Ke7 34.
Kd4 Ke6 35. g4 h6 36. f4 f5 37. gxf5+ Kxf5 38. Kxd5 Kxf4 39. e6 g5 40. hxg5
hxg5 41. e7 g4 42. e8=Q g3 43. Qe1 Kf3 44. Qg1 g2 45. Ke5 Kg3 46. Kd4 Kf3 47.
a3 Kg3 48. Ke3 a5 49. Ke2 axb4 50. axb4 1-0

[Event "Haustmot TR-Open"]
[Site "Reykjavik"]
[Date "2016.09.21"]
[Round "2"]
[White "Hakonarson, Sverrir"]
[Black "Karlsson, Isak Orri"]
[Result "1/2-1/2"]
[WhiteElo "1338"]
[BlackElo "1148"]
[PlyCount "83"]
[EventDate "2016.09.18"]
[EventType "swiss"]
[EventRounds "9"]
[EventCountry "ISL"]

1. d4 d5 2. Bf4 e6 3. Nf3 Nf6 4. e3 c6 5. Bd3 b6 6. Nbd2 Nbd7 7. Ne5 Bb7 8. O-O
c5 9. Bg5 Be7 10. Bb5 a6 11. Bc6 Qc7 12. Bxb7 Qxb7 13. f4 cxd4 14. exd4 h6 15.
Bh4 Qc7 16. c3 g5 17. Bg3 Nxe5 18. fxe5 Nd7 19. Qh5 Rh7 20. Rxf7 Rxf7 21. Rf1
Nxe5 22. Bxe5 Bd6 23. Bxd6 Qd7 24. Rxf7 Qxf7 25. Qxh6 Kd7 26. Be5 Rg8 27. Nf3
Qf5 28. h3 g4 29. Nh4 Qe4 30. Qf4 Qe1+ 31. Qf1 Qe3+ 32. Kh1 Kc6 33. hxg4 Rxg4
34. Nf3 b5 35. Bh2 Re4 36. Ne5+ Kb6 37. Nd7+ Kc6 38. Nc5 Rh4 39. Nxa6 Qg3 40.
Nb4+ Kb6 41. Qg1 Rxh2+ 42. Qxh2 1/2-1/2

[Event "Haustmot TR-Open"]
[Site "Reykjavik"]
[Date "2016.09.21"]
[Round "2"]
[White "Thorisson, Benedikt"]
[Black "Gudmundsson, Gunnar E"]
[Result "1/2-1/2"]
[WhiteElo "1169"]
[BlackElo "1082"]
[PlyCount "59"]
[EventDate "2016.09.18"]
[EventType "swiss"]
[EventRounds "9"]
[EventCountry "ISL"]

1. e4 c5 2. Nf3 e6 3. d4 cxd4 4. Nxd4 Nc6 5. Nc3 Qc7 6. Be3 a6 7. Bd3 d6 8. O-O
Be7 9. Nxc6 Qxc6 10. Qe2 Qc7 11. f4 Nf6 12. f5 d5 13. exd5 Nxd5 14. Nxd5 exd5
15. Qg4 Bf6 16. Rae1 O-O 17. Rf3 Re8 18. Qa4 Bd7 19. Qg4 d4 20. Bf2 Rxe1+ 21.
Bxe1 Re8 22. Bh4 Bxh4 23. Qxh4 f6 24. Rg3 Qe5 25. Qg4 Re7 26. Bc4+ Kh8 27. Qh4
Qe1+ 28. Bf1 Bb5 29. Qf4 Kg8 30. Rf3 1/2-1/2

[Event "Haustmot TR-Open"]
[Site "Reykjavik"]
[Date "2016.09.21"]
[Round "2"]
[White "Omarsson, Adam"]
[Black "Baldursson, Atli Mar"]
[Result "0-1"]
[WhiteElo "1065"]
[BlackElo "1167"]
[PlyCount "64"]
[EventDate "2016.09.18"]
[EventType "swiss"]
[EventRounds "9"]
[EventCountry "ISL"]

1. d4 d5 2. Nf3 Nf6 3. e3 Bf5 4. c4 e6 5. Nc3 c6 6. Be2 dxc4 7. Bxc4 Bd6 8. h3
O-O 9. O-O Nbd7 10. b3 e5 11. dxe5 Nxe5 12. Bb2 Nxc4 13. bxc4 Qc7 14. Qd2 Rad8
15. Qe2 Rd7 16. Rad1 Rfd8 17. e4 Re8 18. Qc2 Bg6 19. Rfe1 Rde7 20. Qd2 Bf4 21.
Qd4 c5 22. Qd3 Nxe4 23. Nxe4 Bxe4 24. Qc3 f6 25. Re2 Bxf3 26. Qxf3 Rxe2 27.
Qd5+ Qf7 28. Qxf7+ Kxf7 29. g3 Bxg3 30. fxg3 Rxb2 31. Rd7+ Kg6 32. g4 Re1# 0-1

[Event "Haustmot TR-Open"]
[Site "Reykjavik"]
[Date "2016.09.21"]
[Round "2"]
[White "Olafsson, Arni"]
[Black "Moller, Tomas"]
[Result "0-1"]
[WhiteElo "1156"]
[BlackElo "1028"]
[PlyCount "98"]
[EventDate "2016.09.18"]
[EventType "swiss"]
[EventRounds "9"]
[EventCountry "ISL"]

1. e4 c5 2. Nf3 e6 3. Nc3 Nc6 4. d3 Qc7 5. Be2 Nf6 6. O-O Be7 7. Bg5 h6 8. Bh4
O-O 9. Bxf6 Bxf6 10. Rb1 Be7 11. a3 Rd8 12. d4 cxd4 13. Nxd4 a6 14. Nf3 Ne5 15.
Nxe5 Qxe5 16. Bd3 Bxa3 17. Na4 Be7 18. Nb6 Rb8 19. Nc4 Qg5 20. f4 Qc5+ 21. Kh1
d5 22. exd5 exd5 23. Ne5 Bf6 24. b4 Qd6 25. Ng4 Bxg4 26. Qxg4 Qe6 27. Qg3 Be7
28. Rfe1 Qf6 29. c3 Bd6 30. Rf1 d4 31. cxd4 Qxd4 32. b5 axb5 33. Rxb5 Bc7 34.
Rb3 g5 35. Qh3 Bxf4 36. Qxh6 Qg7 37. Qh3 Rd6 38. Bc2 Rh6 39. Rxb7 Rxh3 40.
Rxb8+ Bxb8 41. gxh3 Qe5 42. Rf2 Qe1+ 43. Kg2 Ba7 44. Bh7+ Kg7 45. Rf5 Qg1+ 46.
Kf3 Qxh2 47. Kg4 f6 48. Ra5 Qf4+ 49. Kh5 Qh4# 0-1